[Event "HUN-chT2 Breyer 1718"]
[Site "Hungary"]
[Date "2018.05.06"]
[Round "11.10"]
[White "Sopow, Tamas"]
[Black "Kiss, Balazs3"]
[Result "1/2-1/2"]
[WhiteElo "1769"]
[BlackElo "1810"]
[PlyCount "87"]
[EventDate "2017.09.24"]
[EventType "team-tourn"]
[EventRounds "11"]
[EventCountry "HUN"]
[SourceTitle "EXT 2021"]
[Source "ChessBase"]
[SourceDate "2020.10.23"]
[SourceVersion "1"]
[SourceVersionDate "2020.10.23"]
[SourceQuality "1"]
[WhiteTeam "Tatabanya Turul"]
[BlackTeam "Vizugy"]
[WhiteTeamCountry "HUN"]
[BlackTeamCountry "HUN"]

1. c4 Nf6 2. Nc3 d5 3. cxd5 Nxd5 4. Nf3 c6 5. d4 Bg4 6. e3 e6 7. a3 Nd7 8. Be2 Bd6 9. Ne4 Bc7 10. Bd2 0-0 11. Rc1 e5 12. Bc3 Re8 13. Qc2 f5 14. Nc5 f4 15. e4 Nxc3 16. Qxc3 exd4 17. Qc4+ Kh8 18. Nxb7 Qe7 19. Qxc6 Rac8 20. b4 Ne5 21. Qc2 d3 22. Bxd3 Bb6 23. Nc5 Bxc5 24. bxc5 Nxd3+ 25. Qxd3 Qxe4+ 26. Qxe4 Rxe4+ 27. Kd2 Bxf3 28. gxf3 Rd4+ 29. Kc2 Kg8 30. Rhd1 Rxd1 31. Kxd1 Kf7 32. Kd2 Ke6 33. Kd3 Kd5 34. Rc4 Rxc5 35. Rxf4 Ke6 36. Ra4 a5 37. f4 h5 38. Re4+ Kf5 39. Kd4 Rc2 40. Re5+ Kxf4 41. Rxh5 g5 42. Rh8 Ra2 43. Rh3 Rxf2 44. Kc4 1/2-1/2

[Event "HUN-chT2 Breyer 1516"]
[Site "Hungary"]
[Date "2015.12.06"]
[Round "6.7"]
[White "Szinavel, Zsolt"]
[Black "Sopow, Tamas"]
[Result "1/2-1/2"]
[WhiteElo "2102"]
[BlackElo "1748"]
[PlyCount "69"]
[EventDate "2015.09.13"]
[EventType "team-tourn"]
[EventRounds "11"]
[EventCountry "HUN"]
[SourceTitle "CBM 170 Extra"]
[Source "ChessBase"]
[SourceDate "2016.02.25"]
[SourceVersion "1"]
[SourceVersionDate "2016.02.25"]
[SourceQuality "1"]
[WhiteTeam "Kisber Aszar"]
[BlackTeam "Turul"]
[WhiteTeamCountry "HUN"]
[BlackTeamCountry "HUN"]

1. e4 c5 2. c3 d5 3. exd5 Qxd5 4. d4 e6 5. Nf3 Nf6 6. Bd3 Nc6 7. Na3 a6 8. Nc4 Qd8 9. Be3 b5 10. Nce5 Qc7 11. 0-0 Bb7 12. Bf4 Bd6 13. Re1 c4 14. Bc2 Nd5 15. Nxf7 Nxf4 16. d5 Kxf7 17. Ng5+ Kg8 18. dxc6 Bxc6 19. g3 h6 20. Nxe6 Nxe6 21. Rxe6 Bc5 22. Qh5 Ba7 23. Rae1 Qc8 24. Bg6 Qf8 25. Bf5 Bd7 26. R6e5 Bxf5 27. Rxf5 Qd6 28. Qf7+ Kh7 29. Re7 Qg6 30. Qxg6+ Kxg6 31. Rff7 Bc5 32. Rxg7+ Kf6 33. Rgf7+ Kg6 34. Rg7+ Kf6 35. Rgf7+ 1/2-1/2

[Event "HUN-chT2 Breyer 1213"]
[Site "Hungary"]
[Date "2012.11.18"]
[Round "4.8"]
[White "Sopow, Tamas"]
[Black "Szendeff, Miklos"]
[Result "1/2-1/2"]
[WhiteElo "1834"]
[BlackElo "1798"]
[PlyCount "29"]
[EventDate "2012.09.16"]
[EventType "team-tourn"]
[EventRounds "11"]
[EventCountry "HUN"]
[SourceTitle "EXT 2014"]
[Source "ChessBase"]
[SourceDate "2013.11.20"]
[SourceVersion "1"]
[SourceVersionDate "2013.11.20"]
[SourceQuality "1"]
[WhiteTeam "Turul"]
[BlackTeam "Zsambek"]
[WhiteTeamCountry "HUN"]
[BlackTeamCountry "HUN"]

1. d4 g6 2. Nf3 Bg7 3. Bf4 d6 4. e3 Nd7 5. Nc3 c5 6. Bc4 Qa5 7. a3 Nb6 8. Qd3 a6 9. 0-0 Bg4 10. Ng5 Nxc4 11. Qxc4 Nh6 12. Qd5 Qb6 13. Na4 Qb5 14. Nc3 Qb6 15. Na4 1/2-1/2

[Event "HUN-chT2 Breyer 1112"]
[Site "Hungary"]
[Date "2012.01.29"]
[Round "5.9"]
[White "Adam, Gyorgy"]
[Black "Sopow, Tamas"]
[Result "1-0"]
[WhiteElo "2072"]
[BlackElo "1821"]
[PlyCount "115"]
[EventDate "2011.09.25"]
[EventType "team-tourn"]
[EventRounds "11"]
[EventCountry "HUN"]
[SourceTitle "EXT 2013"]
[Source "ChessBase"]
[SourceDate "2012.11.22"]
[SourceVersion "1"]
[SourceVersionDate "2012.11.22"]
[SourceQuality "1"]
[WhiteTeam "BEAC II"]
[BlackTeam "Turul"]
[WhiteTeamCountry "HUN"]
[BlackTeamCountry "HUN"]

1. e4 c5 2. Nf3 d6 3. d4 cxd4 4. Nxd4 Nf6 5. Nc3 a6 6. a4 e6 7. Be2 Be7 8. Be3 Nc6 9. Nb3 Qc7 10. a5 Nd7 11. 0-0 Nc5 12. Ra3 Rb8 13. f3 0-0 14. Na4 Rd8 15. Qe1 Nd7 16. Nb6 d5 17. exd5 Nb4 18. dxe6 fxe6 19. Nd4 Nxb6 20. axb6 Qxb6 21. Nf5 Bc5 22. Qc3 Bxe3+ 23. Nxe3 Nd5 24. Qe5 Nxe3 25. Rxe3 Rd5 26. Qf4 Qd4 27. Qxd4 Rxd4 28. Re1 b5 29. Bd3 Rb6 30. c3 Rd8 31. Kf2 Rbd6 32. Bc2 Kf7 33. Bb3 Kf6 34. f4 Rd2+ 35. R1e2 Rxe2+ 36. Kxe2 Rd6 37. Re5 Bb7 38. g4 h6 39. h4 Bd5 40. Bxd5 Rxd5 41. g5+ hxg5 42. hxg5+ Ke7 43. Re3 Kd6 44. b4 e5 45. Kf3 exf4 46. Kxf4 g6 47. Re8 Rf5+ 48. Kg4 Rf1 49. Ra8 Ra1 50. Rg8 a5 51. Rxg6+ Kd5 52. Rb6 axb4 53. Rxb5+ Kc4 54. Rxb4+ Kxc3 55. Re4 Kd3 56. Re8 Ra4+ 57. Kf5 Ra5+ 58. Kf6 1-0

[Event "HUN-chT2 Breyer 1011"]
[Site "Hungary"]
[Date "2011.04.10"]
[Round "8.9"]
[White "Horvath, Sandor2"]
[Black "Sopow, Tamas"]
[Result "1/2-1/2"]
[WhiteElo "1990"]
[BlackElo "1841"]
[PlyCount "60"]
[EventDate "2010.09.12"]
[EventType "team-tourn"]
[EventRounds "11"]
[EventCountry "HUN"]
[SourceTitle "EXT 2012"]
[Source "ChessBase"]
[SourceDate "2011.11.24"]
[SourceVersion "1"]
[SourceVersionDate "2011.11.24"]
[SourceQuality "1"]
[WhiteTeam "Szazhalombatta"]
[BlackTeam "Turul"]
[WhiteTeamCountry "HUN"]
[BlackTeamCountry "HUN"]

1. Nf3 d5 2. g3 c6 3. Bg2 Nf6 4. 0-0 Bf5 5. b3 e6 6. Bb2 h6 7. d3 Be7 8. Nbd2 0-0 9. c4 Qb6 10. Bd4 c5 11. Bb2 dxc4 12. Nxc4 Qa6 13. Nfe5 Nbd7 14. Qc2 Rac8 15. a4 Nxe5 16. Nxe5 Rfd8 17. Nc4 Nd5 18. Nd2 Bh7 19. Qc4 Qxc4 20. Nxc4 b6 21. Rfd1 Bf6 22. Bxf6 Nxf6 23. Rab1 Nd5 24. Rb2 Kf8 25. Kf1 Ke7 26. Ke1 f6 27. Ne3 Bg6 28. Rc1 Nxe3 29. fxe3 e5 30. Bb7 Rc7 1/2-1/2

[Event "HUN-chT2 Breyer 0910"]
[Site "Hungary"]
[Date "2009.11.22"]
[Round "2"]
[White "Gal, Jozsef Istvan"]
[Black "Sopow, Tamas"]
[Result "0-1"]
[WhiteElo "2347"]
[BlackElo "1814"]
[PlyCount "80"]
[EventDate "2009.11.08"]
[EventType "team-tourn"]
[EventRounds "11"]
[EventCountry "HUN"]
[SourceTitle "EXT 2011"]
[Source "ChessBase"]
[SourceDate "2010.11.26"]
[SourceVersion "1"]
[SourceVersionDate "2010.11.26"]
[SourceQuality "1"]
[WhiteTeam "Biatorbagy"]
[BlackTeam "Turul"]
[WhiteTeamCountry "HUN"]
[BlackTeamCountry "HUN"]

1. e4 c5 2. Nf3 d6 3. Bc4 Nf6 4. d3 e6 5. Nc3 a6 6. a3 Nc6 7. Be3 b5 8. Ba2 Bb7 9. 0-0 Be7 10. Ne2 Qc7 11. Ng3 Rc8 12. b3 b4 13. a4 Ng4 14. Bd2 Nge5 15. Bf4 Nxf3+ 16. Qxf3 Nd4 17. Qd1 Bf6 18. Rc1 Nc6 19. Nh5 Bb2 20. Rb1 Bc3 21. Qg4 g6 22. Ng3 Qd7 23. Ne2 Bg7 24. Bd2 Nd4 25. Rbc1 h5 26. Qh3 Nxe2+ 27. Kh1 Nxc1 28. Rxc1 Bb2 29. Rb1 Bd4 30. Qf3 d5 31. Rd1 Qc6 32. exd5 Qxd5 33. Qxd5 Bxd5 34. Kg1 h4 35. Rc1 Kd7 36. c3 Bxc3 37. Bxc3 bxc3 38. Rxc3 Rh5 39. Kf1 h3 40. g3 Bg2+ 0-1

[Event "HUN-chT2 Breyer 0910"]
[Site "Hungary"]
[Date "2009.11.08"]
[Round "1"]
[White "Sopow, Tamas"]
[Black "Banyai, Sandor"]
[Result "0-1"]
[WhiteElo "1814"]
[BlackElo "2072"]
[PlyCount "66"]
[EventDate "2009.11.08"]
[EventType "team-tourn"]
[EventRounds "11"]
[EventCountry "HUN"]
[SourceTitle "EXT 2011"]
[Source "ChessBase"]
[SourceDate "2010.11.26"]
[SourceVersion "1"]
[SourceVersionDate "2010.11.26"]
[SourceQuality "1"]
[WhiteTeam "Turul"]
[BlackTeam "Kisber Aszar"]
[WhiteTeamCountry "HUN"]
[BlackTeamCountry "HUN"]

1. c4 Nf6 2. Nc3 g6 3. g3 Bg7 4. Bg2 0-0 5. e3 d6 6. Nge2 c6 7. d4 Qc7 8. b4 Be6 9. c5 dxc5 10. bxc5 Bc4 11. 0-0 Nbd7 12. Re1 e5 13. Qa4 Ba6 14. Bf1 Rfe8 15. Bd2 Rad8 16. Rad1 Nf8 17. dxe5 Qxe5 18. Nd4 Bxf1 19. Rxf1 Qxc5 20. Nb3 Qb6 21. Rb1 a6 22. Na5 Qc5 23. Nxb7 Qh5 24. Nxd8 Rxd8 25. Be1 Ng4 26. h4 g5 27. Rb4 f5 28. Qa5 gxh4 29. Qxd8 hxg3 30. Kg2 Qh2+ 31. Kf3 g2 32. Rg1 Ne5+ 33. Ke2 Qxg1 0-1

[Event "HUN-chT2 Breyer 0809"]
[Site "Hungary"]
[Date "2009.02.08"]
[Round "7"]
[White "Sopow, Tamas"]
[Black "Szerenyi, Bence"]
[Result "1-0"]
[WhiteElo "1814"]
[BlackElo "1902"]
[PlyCount "97"]
[EventDate "2008.10.26"]
[EventType "tourn"]
[EventRounds "11"]
[EventCountry "HUN"]
[SourceTitle "EXT 2010"]
[Source "ChessBase"]
[SourceDate "2010.11.25"]
[SourceVersion "1"]
[SourceVersionDate "2010.11.25"]
[SourceQuality "1"]
[WhiteTeam "Turul"]
[BlackTeam "Vizugy"]
[WhiteTeamCountry "HUN"]
[BlackTeamCountry "HUN"]

1. c4 e6 2. Nc3 d5 3. cxd5 exd5 4. d4 Nf6 5. Nf3 Be7 6. Bf4 0-0 7. e3 a6 8. Qc2 Re8 9. Bd3 c5 10. 0-0 Nc6 11. dxc5 Nb4 12. Qb1 Bxc5 13. a3 Nc6 14. Qc2 Be6 15. Bg5 Bd6 16. Bxh7+ Kh8 17. Bd3 Rc8 18. Qa4 d4 19. exd4 b5 20. Qd1 Bg4 21. h3 Bxf3 22. Qxf3 Nxd4 23. Qb7 Nb3 24. Rad1 Nc5 25. Qxf7 Nxd3 26. Bxf6 gxf6 27. Qd5 Rxc3 28. Qh5+ Kg7 29. bxc3 Ne5 30. Rxd6 Qxd6 31. Qxe8 Qxa3 32. Qc8 a5 33. Qb7+ Kg6 34. Qe4+ Kf7 35. Qb7+ Kg6 36. Qe4+ Kf7 37. Qb7+ Kg6 38. Qxb5 Qxc3 39. Qb1+ Kg7 40. Rc1 Qd4 41. Rc7+ Nf7 42. Qb7 Qa1+ 43. Kh2 Qe5+ 44. g3 Qe6 45. Qf3 Kf8 46. Qa3+ Kg7 47. Qxa5 Qe2 48. Qa7 Qe6 49. Qd4 1-0

[Event "HUN-chT2 Breyer 0809"]
[Site "Hungary"]
[Date "2009.01.11"]
[Round "5"]
[White "Villanyi, Laszlo"]
[Black "Sopow, Tamas"]
[Result "1/2-1/2"]
[WhiteElo "1948"]
[BlackElo "1814"]
[PlyCount "80"]
[EventDate "2008.10.26"]
[EventType "tourn"]
[EventRounds "11"]
[EventCountry "HUN"]
[SourceTitle "EXT 2010"]
[Source "ChessBase"]
[SourceDate "2010.11.25"]
[SourceVersion "1"]
[SourceVersionDate "2010.11.25"]
[SourceQuality "1"]
[WhiteTeam "Gyor Komszomol"]
[BlackTeam "Turul"]
[WhiteTeamCountry "HUN"]
[BlackTeamCountry "HUN"]

1. e4 c5 2. Nf3 d6 3. d4 cxd4 4. Nxd4 Nf6 5. Nc3 a6 6. Bg5 e6 7. f4 Be7 8. Qf3 Qc7 9. 0-0-0 b5 10. Bxf6 gxf6 11. Bd3 Bb7 12. Qh5 Qc5 13. Nxe6 Qxh5 14. Ng7+ Kf8 15. Nxh5 f5 16. Nd5 Nd7 17. Rhe1 Bd8 18. Bf1 fxe4 19. Rxe4 f5 20. Re3 Kf7 21. Ng3 Nb6 22. Nxb6 Bxb6 23. Red3 Bc8 24. Be2 Bc5 25. Bh5+ Kf6 26. Bf3 Ra7 27. Nh5+ Kg6 28. h3 Re7 29. Kb1 Rhe8 30. a3 a5 31. g4 Re3 32. Ng3 Rxd3 33. Rxd3 Re1+ 34. Ka2 Re3 35. g5 Be6+ 36. b3 Rxd3 37. Bh5+ Kg7 38. cxd3 Bd5 39. Nxf5+ Kf8 40. d4 Bb6 1/2-1/2